Kalkulačně účelové pojetí nákladů v manažerském účetnictví. 1

Rôzne poňatie nákladov vo finančnom a manažérskom účtovníctve. Kalkulačne účelové členenie nákladov v manažérskom účtovníctve. Obsah nákladov. Priraďovanie a pričítavanie nákladov prislúchajúcicm objektom. Poňatie kalkulácie.

Gespeichert in:
Bibliographische Detailangaben
1. Verfasser: Janout, J.
Format: Buchkapitel
Sprache:Tschechisch
Schlagworte:
Tags: Tag hinzufügen
Keine Tags, Fügen Sie das erste Tag hinzu!

MARC

LEADER 00000naa a2200000 4500
001 r015276
005 20221213083338.0
041 0 |a cze 
044 |a CZ 
245 1 0 |a Kalkulačně účelové pojetí nákladů v manažerském účetnictví. 1  |c J. Janout 
520 |a Rôzne poňatie nákladov vo finančnom a manažérskom účtovníctve. Kalkulačne účelové členenie nákladov v manažérskom účtovníctve. Obsah nákladov. Priraďovanie a pričítavanie nákladov prislúchajúcicm objektom. Poňatie kalkulácie. 
610 2 0 |a účtovníctvo vnútropodnikové 
610 2 0 |a kalkulácia nákladov 
610 2 0 |a kalkulácia 
610 2 0 |a účtovníctvo 
610 2 0 |a náklady 
610 2 0 |a manažéri 
100 1 |a Janout, J.